LIBRARY & INFORMATION CENTRE, KCAET, TAVANUR

ONLINE PUBLIC ACCESS CATALOGUE (OPAC)

Oru kula munthiringha (Record no. 16653)

MARC details
000 -LEADER
fixed length control field 00233nam a22000977a 4500
003 - CONTROL NUMBER IDENTIFIER
control field OSt
008 - FIXED-LENGTH DATA ELEMENTS--GENERAL INFORMATION
fixed length control field 210118b ||||| |||| 00| 0 eng d
100 ## - MAIN ENTRY--AUTHOR NAME
Personal name Achuthan Namboodiri, Akkitham
245 ## - TITLE STATEMENT
Title Oru kula munthiringha
942 ## - ADDED ENTRY ELEMENTS (KOHA)
Koha item type Books
Holdings
Withdrawn status Lost status Damaged status Home library Current library Date acquired Accession Number Koha item type
Withdrawn     KAUAET Malayalam University 18/01/2021 1716 Books
Withdrawn     KAUAET Malayalam University 18/01/2021 1758 Books
free website counter